000 00311nam a2200121Ia 4500
008 191206s9999 xx 000 0 und d
090 _aAZ999E8
245 4 _aThe Natural History of Nonsense
260 _aMichael Joseph
260 _cc1947
300 _a"ix, 275, x p., 1 l. 22 cm."
999 _c17109
_d17109